Fr. Conceicao Rodrigues College of Engineering

Neural Engineering:Computation (Record no. 30751)

MARC details
000 -LEADER
fixed length control field 00319nam a2200133Ia 4500
082 ## - DEWEY DECIMAL CLASSIFICATION NUMBER
Classification number 610.28
Item number ELI
100 ## - MAIN ENTRY--PERSONAL NAME
Personal name Eliasmith/Chris/ Anderson/Charles H
245 ## - TITLE STATEMENT
Title Neural Engineering:Computation
260 ## - PUBLICATION, DISTRIBUTION, ETC.
Name of publisher, distributor, etc. Prentice Hall of India
Date of publication, distribution, etc. 2003
300 ## - PHYSICAL DESCRIPTION
Extent 356
546 ## - LANGUAGE NOTE
Language note ENGLISH
654 ## - SUBJECT ADDED ENTRY--FACETED TOPICAL TERMS
Focus term neural engg
942 ## - ADDED ENTRY ELEMENTS (KOHA)
Koha item type BOOK
Holdings
Withdrawn status Lost status Damaged status Not for loan Collection Home library Current library Date acquired Total Checkouts Full call number Barcode Date last seen Price effective from Koha item type
        CRC Fr. Agnel's C.Rodrigues College of Engineering Fr. Agnel's C.Rodrigues College of Engineering 17/03/2023   610.28 ELI 15910 17/03/2023 17/03/2023 BOOK
        CRC Fr. Agnel's C.Rodrigues College of Engineering Fr. Agnel's C.Rodrigues College of Engineering 17/03/2023   610.28 ELI 15911 17/03/2023 17/03/2023 BOOK